Legal forms in English and Pilipino with brief dictionary of legal terms. / Norma Chonglo Sia (Record no. 17289)
[ view plain ]
| 000 -LEADER | |
|---|---|
| fixed length control field | 00565nam a22001937a 4500 |
| 003 - CONTROL NUMBER IDENTIFIER | |
| control field | OSt |
| 005 - DATE AND TIME OF LATEST TRANSACTION | |
| control field | 20141105110237.0 |
| 008 - FIXED-LENGTH DATA ELEMENTS--GENERAL INFORMATION | |
| fixed length control field | 130129t xxu||||| |||| 00| 0 eng d |
| 020 ## - INTERNATIONAL STANDARD BOOK NUMBER | |
| International Standard Book Number | 9710868594 |
| 050 ## - LIBRARY OF CONGRESS CALL NUMBER | |
| Classification number | KPM 28 |
| Item number | .Si11 2007 |
| 082 ## - DEWEY DECIMAL CLASSIFICATION NUMBER | |
| Classification number | KPM28 .Si11 2007 |
| 245 ## - TITLE STATEMENT | |
| Title | Legal forms in English and Pilipino with brief dictionary of legal terms. / Norma Chonglo Sia |
| Statement of responsibility, etc | Norma Chonglo Sia |
| 260 ## - PUBLICATION, DISTRIBUTION, ETC. (IMPRINT) | |
| Place of publication, distribution, etc | Mandaluyong City |
| Name of publisher, distributor, etc | National Book Store |
| Date of publication, distribution, etc | 2007 |
| 300 ## - PHYSICAL DESCRIPTION | |
| Extent | 197 p. |
| Dimensions | 22 cm |
| 526 ## - STUDY PROGRAM INFORMATION NOTE | |
| Reading level | 1210L-1700L |
| 562 ## - COPY AND VERSION IDENTIFICATION NOTE | |
| Number of copies | 1 |
| 942 ## - ADDED ENTRY ELEMENTS (KOHA) | |
| Source of classification or shelving scheme | Library of Congress Classification |
| Koha item type | Books |
| Call number prefix | Filipininana |
| Withdrawn status | Lost status | Source of classification or shelving scheme | Damaged status | Home library | Current library | Shelving location | Date acquired | Total Checkouts | Full call number | Barcode | Date last seen | Copy number | Price effective from | Koha item type |
|---|---|---|---|---|---|---|---|---|---|---|---|---|---|---|
| Library of Congress Classification | College Library | College Library | Filipiniana Section | 01/29/2013 | KPM 28 .Si11 2007 | C0115 | 05/08/2018 | 1 | 01/29/2013 | Books |